লোডিং...

Freedom Movement in India

গ্রন্থ-পঞ্জীর বিবরন
প্রধান লেখক: Krishnamoorthy, V.
বিন্যাস: Printed Book
প্রকাশিত: [s.l]: [s.n].
বিষয়গুলি:
LEADER 00412nam a22001214a 4500
082 |a 954.04 
100 |a Krishnamoorthy,  |b V. 
260 |a [s.l]:  |b [s.n]. 
650 |a Freedom Movement in India 
245 |a Freedom Movement in India  |c by Krishnamoorthy V 
942 |c BK 
999 |c 245058  |d 245058 
952 |0 0  |1 0  |4 0  |6 954_040000000000000_KRI  |7 0  |8 TB  |9 260408  |a HIS  |b HIS  |d 2020-01-04  |l 0  |o 954.04 KRI  |p HIS7380  |r 2020-01-04  |t 1  |w 2020-01-04  |y BK